| 000 | 00460nam a22001817a 4500 | ||
|---|---|---|---|
| 003 | OSt | ||
| 008 | 250902b |||||||| |||| 00| 0 eng d | ||
| 041 | _amal | ||
| 082 |
_a923 _bLEE/JE |
||
| 100 |
_aLeelakumariyamma _97814 |
||
| 245 |
_aJeevadayini / _bജീവദായിനി |
||
| 260 |
_aKozhikode : _bProgress Books, _c2021. |
||
| 300 | _a81 p. | ||
| 650 |
_aBiography _96271 |
||
| 650 |
_aEndosulfan _97815 |
||
| 700 |
_aAjeesh, T _97816 |
||
| 942 | _cBK | ||
| 999 |
_c19502 _d19502 |
||